Logic circuit design / (Record no. 188536)

000 -LEADER
fixed length control field 01419 a2200253 4500
003 - CONTROL NUMBER IDENTIFIER
control field Nust
005 - DATE AND TIME OF LATEST TRANSACTION
control field 20221229081629.0
010 ## - LIBRARY OF CONGRESS CONTROL NUMBER
LC control number 92056726
020 ## - INTERNATIONAL STANDARD BOOK NUMBER
International Standard Book Number 0030974984
040 ## - CATALOGING SOURCE
Transcribing agency Nust
082 00 - DEWEY DECIMAL CLASSIFICATION NUMBER
Classification number 621.395,SHA
100 1# - MAIN ENTRY--PERSONAL NAME
Personal name Shaw, Alan W.
9 (RLIN) 67883
245 10 - TITLE STATEMENT
Title Logic circuit design /
Statement of responsibility, etc. Alan W. Shaw.
260 ## - PUBLICATION, DISTRIBUTION, ETC.
Place of publication, distribution, etc. Fort Worth :
Name of publisher, distributor, etc. Saunders College Pub.,
Date of publication, distribution, etc. c1993.
300 ## - PHYSICAL DESCRIPTION
Extent xv, 702 p., [11] p. :
Other physical details ill. ;
Dimensions 25 cm.
490 1# - SERIES STATEMENT
Series statement Saunders College Publishing Series in electrical engineering
505 ## - FORMATTED CONTENTS NOTE
Formatted contents note Introduction (Page-1), Decimal,Binary,Octal and Hexadecimal Numbers (Page-9), Boolean Functions (Page-53), Combinational Logic Circuits (Page-139), Examples of Combinational Logic Circuits (Page-239), Programmable Logic Devices (Page-269), Sequential Machines (Page-308), Two State State Machines (Page-343), Many State Synchrones State Machines (Page-385), State Machine Design and Analysis Additional Topics (Page-467), Examples of Sequential Logic Circuits (Page-538), Digital Systems Design (Page-605).
650 #0 - SUBJECT ADDED ENTRY--TOPICAL TERM
Topical term or geographic name entry element Logic circuits
General subdivision Design and construction.
9 (RLIN) 106297
650 #0 - SUBJECT ADDED ENTRY--TOPICAL TERM
Topical term or geographic name entry element Logic design.
9 (RLIN) 17983
830 #0 - SERIES ADDED ENTRY--UNIFORM TITLE
Uniform title Series in electrical engineering (Philadelphia, Pa.)
9 (RLIN) 106298
856 42 - ELECTRONIC LOCATION AND ACCESS
Materials specified Publisher description
Uniform Resource Identifier <a href="http://www.loc.gov/catdir/enhancements/fy0604/92056726-d.html">http://www.loc.gov/catdir/enhancements/fy0604/92056726-d.html</a>
856 42 - ELECTRONIC LOCATION AND ACCESS
Materials specified Table of contents only
Uniform Resource Identifier <a href="http://www.loc.gov/catdir/enhancements/fy0604/92056726-t.html">http://www.loc.gov/catdir/enhancements/fy0604/92056726-t.html</a>
942 ## - ADDED ENTRY ELEMENTS (KOHA)
Source of classification or shelving scheme
Koha item type Book
Holdings
Withdrawn status Lost status Source of classification or shelving scheme Damaged status Not for loan Permanent Location Current Location Shelving location Date acquired Full call number Barcode Date last seen Price effective from Koha item type Public note
          Military College of Signals (MCS) Military College of Signals (MCS) General Stacks 12/12/2016 621.395,SHA MCS23046 12/08/2016 12/12/2016 Book Almirah No.40, Shelf No.4
© 2023 Central Library, National University of Sciences and Technology. All Rights Reserved.